000 00457nam a2200169 4500
001 118467
003 ES-MaACL
005 20230906191114.0
007 t|
008 070214s1971 sp r ||||1| spa d
100 1 _aPérez Arias, Manuel.
_990644
245 1 0 _aCascos blancos en la noche /
_cManuel Pérez Arias.
250 _a[1ª ed.].
260 _aBarcelona :
_bMarte,
_c1971.
300 _a244 p. ;
_c21 cm.
852 _aES-MaACL
_jC-41937
_bR.76410
999 _c118467
_d118467